| 000 | 00507nam a22001697a 4500 | ||
|---|---|---|---|
| 999 |
_c62225 _d62225 |
||
| 005 | 20240823141448.0 | ||
| 008 | 240823c2003 enk||||| |||| 00| 0 eng d | ||
| 022 | _a0966 8373 | ||
| 041 | _aeng | ||
| 245 |
_aEuropean Journal of Philosophy : _b2003 / _cEditor Robert Stern. |
||
| 260 |
_aNorwich : _b Blackwell, _c2003. |
||
| 300 | _aV. | ||
| 653 | _aფილოსოფია | ||
| 653 | _a პერიოდიკა | ||
| 700 |
_aStern, Robert _eრედაქტორი _923108 |
||
| 942 |
_2udc _cCR |
||